000 00451nam a2200181Ia 4500
003 GCL
008 140319s9999 xx 000 0 eng d
040 _aGCL /
_cGCL
082 0 4 _a238
_bW F
100 1 _aGHRISTIANITY
245 1 0 _aFAITH FOR TIMES OF TENSION /
_cGHRISTIANITY
700 1 _aCHRISTIANITY
260 _a[S.N] :
_bUNITED PRESLYTERIAN MEN ،
_c1962
300 _a370P
650 0 4 _aFAITH
650 0 4 _aCHRISTIANITY
942 _2ddc
_cBK
999 _c12362
_d12362